| 000 | 00460cam a22001217a 4500 | ||
|---|---|---|---|
| 008 | 180718b-- xxu||||| |||| 00| 0 eng d | ||
| 082 | _aL906x5412 C/F | ||
| 245 | _aReport of the Comptroller and Auditor General of India, state finances, West Bengal | ||
| 260 |
_aKolkata _bComptroller and Auditor general of India _c-- |
||
| 500 | _aLibrary has 2008/09 | ||
| 650 | _aAuditing - India - West Bengal | ||
| 700 | _aWest Bengal. Comptroller and Auditor General of India | ||
| 999 |
_c481141 _d481141 |
||